|
|
|
|
| LEADER |
01210nam a2200301 a 4500 |
| 001 |
3355 |
| 003 |
BD-DhAAL |
| 005 |
20150311094538.0 |
| 008 |
150311s1996 nyua b 001 0 eng |
| 010 |
|
|
|a 95035625
|
| 020 |
|
|
|a 0471124206 (cloth : alk. paper)
|
| 040 |
|
|
|a DLC
|c DLC
|d DLC
|d BD-DhAAL
|
| 050 |
0 |
0 |
|a HF5549
|b .D396 1996
|
| 082 |
0 |
0 |
|a 658.3
|2 20
|
| 100 |
1 |
|
|a DeCenzo, David A.
|9 9344
|
| 245 |
1 |
0 |
|a Human resource management /
|c David A. De Cenzo, Stephen P. Robbins.
|
| 250 |
|
|
|a 5th ed.
|
| 260 |
|
|
|a New York :
|b Wiley,
|c c1996.
|
| 300 |
|
|
|a 1 v. (various pagings) :
|b ill. (some col.) ;
|c 26 cm.
|
| 490 |
|
|
|a Wiley series in management
|
| 504 |
|
|
|a Includes bibliographical references and indexes.
|
| 541 |
|
|
|e 3355
|
| 650 |
|
0 |
|a Personnel management.
|9 9345
|
| 700 |
1 |
|
|a Robbins, Stephen P.,
|d 1943-
|9 9346
|
| 942 |
|
|
|2 ddc
|c BK
|
| 999 |
|
|
|c 33963
|d 33963
|
| 952 |
|
|
|0 0
|1 0
|2 ddc
|4 0
|6 658_300000000000000_DEC
|7 0
|9 53007
|a SCL
|b SCL
|c GEN
|d 2015-03-11
|e Gift: The Asia Foundation
|l 0
|o 658.3 DEC
|p 3020003355
|r 2015-03-11
|t 1
|w 2015-03-11
|y BK
|
| 952 |
|
|
|0 0
|1 0
|2 ddc
|4 0
|6 658_300000000000000_DEC
|7 0
|9 53102
|a SCL
|b SCL
|c GEN
|d 2015-03-14
|e Gift: The Asia Foundation
|l 0
|o 658.3 DEC
|p 3020002980
|r 2015-03-14
|t 2
|w 2015-03-14
|y BK
|